Alle Nederlandse Dorpen en Steden per Gemeente - Flevoland - Statistics

General Stats
  • This quiz has been taken 30 times
  • The average score is 12 of 18
Answer Stats
Gemeente Dorp/Stad % Correct
Almere Almere
100%
Dronten Dronten
100%
Lelystad Lelystad
100%
Urk Urk
100%
Zeewolde Zeewolde
91%
Noordoostpolder Emmeloord
83%
Dronten Biddinghuizen
70%
Dronten Swifterbant
65%
Noordoostpolder Bant
57%
Noordoostpolder Ens
52%
Noordoostpolder Nagele
52%
Noordoostpolder Creil
48%
Noordoostpolder Marknesse
48%
Noordoostpolder Rutten
48%
Noordoostpolder Luttelgeest
43%
Noordoostpolder Tollebeek
43%
Noordoostpolder Espel
39%
Noordoostpolder Kraggenburg
26%
No matching quizzes found
Score Distribution
Percent of People with Each Score
Percentile by Number Answered
Your Score History
You have not taken this quiz